000 01154nam a2200337Ia 4500
003 CO-BoRNBP
005 20220317001409.0
007 ta
008 210830s2008 ck er 000 p spa d
020 _a9789588418063
040 _aCO-BoRNBP
_bspa
_erda
_cCO-BoRNBP
041 0 _aspa
043 _as-ck---
084 _aP POE40
245 0 0 _aPoetas bogotanos
_bconjuro capital
_cselección y prólogo Enrique Rodríguez Pérez
250 _aPrimera edición
264 1 _aBogotá, Colombia
_bComún Presencia Editores
_c2008
300 _a150 páginas
_c21 cm
336 _atexto
_btxt
_2rdacontent
337 _asin mediación
_bn
_2rdamedia
338 _avolumen
_bnc
_2rdacarrier
490 0 _aLos conjurados
_pPoesía
521 _aRecomendado para un público adulto
545 _aIncluye datos biográfico del compilador y de los autores al final de las poesías
650 1 7 _aPoesia colombiana
_ySiglo XX
_2LEMB
650 1 7 _aLiteratura colombiana
_2LEMB
650 1 7 _aAutores colombianos
_ySiglo XX
_2LEMB
650 1 7 _aEmociones
_vPoesía
_2LEMB
700 1 _aRodríguez Pérez, Enrique
_d1956-
_eCompilador
_972111
942 _2loc
_cBKLIT
999 _c6851
_d6851